000
00317nam a22001457a 4500
003
SGT
020
_a
9788194661962
082
_a
364.16
_b
MYN
100
_a
MYNENI S R
245
_a
LAW OF WHITE COLLAR CRIME
250
_a
1
260
_a
FARIDABAD
_b
NEW ERA LAW PUBLICATION
_c
2024
300
_a
618
942
_2
ddc
_c
BK
999
_c
34080
_d
34080